000 00905 a2200265 4500
003 CBULib
005 20231122133752.0
008 231122b |||||||| |||| 00| 0 eng d
020 _a9780444634337
040 _bEnglish
_cCBULib
_erda
041 _aeng
050 _aTA 168 Pro
100 _aEden, Mario R.
245 _aProceedings of the 8th international conference on foundations of computer-aided process design
_c/ edited by Mario R. Eden; John D.Siirola and Gavin P. Towler
260 _bElsevier,
_c2014
_aOxford :
300 _axvii, 816 pages : illustrations
336 _2rdacontent
_aText |
_btxt
337 _2rdamedia
_aUnmediated |
_bn
338 _2rdacarrier
_aVolume
_bnc
650 0 _91108
_aCOMPUTER - AIDED ENGINEERING
650 0 _91109
_aCHEMICAL ENGINEERING -- DATA PROCESSING
700 _91110
_aSiirola, John D.
700 _91111
_aTowler, Gavin P.
942 _2lcc
_c002
999 _c83292
_d83292